000 00626nam a2200205Ia 4500
003 OSt
005 20250830094349.0
008 210210b2010 xxu||||| |||| 00| 0 eng d
040 _cAL
041 _akan
082 _a343.0998K VEDM
100 _aVedamurti K C
_9237948
110 _aವೇದಮೂರ್ತಿ ಕೆ ಸಿ
_9237954
245 _aMahiti hakku : mahiti hakku adhiniyama 2005
_b: ಮಾಹಿತಿ ಹಕ್ಕು ಮಾಹಿತಿ ಹಕ್ಕು ಅಧಿನಿಯಮ
260 _aBengaluru
_b-
_c2010
300 _avi,138p
690 _aPress Laws
_9237953
906 _a065348
942 _2ddc
_cBK
999 _c142528
_d142528